| 000 | 00000nam##2200000za#4500 |
| 001 | 9.517374 |
| 003 | CaOODSP |
| 005 | 20200325141208 |
| 007 | ta |
| 008 | 150406|1991||||xxc||||| f|0| 0 eng|d |
| 020 | |a0-660-56727-X |
| 040 | |aCaOODSP|beng |
| 041 | |aeng |
| 041 | |afre |
| 043 | |an-cn--- |
| 086 | 1 |aMP31-5/5051-1990 |
| 110 | 1 |aCanada.|bEmployment and Immigration. |bEmployment Equity Branch. |
| 245 | 10|aCFTO-TV Limited |
| 260 | |aOttawa - Ontario : |bEmployment and Immigration. |c1991. |
| 490 | 1 |aEmployment Equity Act, 1991: annual report for the year ending December, 1990 |v5051 |
| 546 | |aBilingual |
| 563 | |aSoftcover |
| 590 | |a91-42|b1991-10-18 |
| 792 | |tCFTO-TV Limited |efre|w(CaOODSP)9.517375 |
| 830 | #0|aEmployment Equity Act, 1991: annual report for the year ending December, 1990 ;|v5051|w(CaOODSP)9.509516 |